| 000 | 01091cam a22002535a 4500 | ||
|---|---|---|---|
| 001 | L142804 | ||
| 002 | 16771 | ||
| 008 | 080311s2007 xxk d f 001 0 eng d | ||
| 020 | _a9780566087721 | ||
| 035 | _a(Sirsi) u142804 | ||
| 041 | 0 | _aeng | |
| 050 | 0 | 4 | _a658.404 $2 22 |
| 100 | 1 | _aLock, Dennis | |
| 245 | 0 | 0 | _aProject management |
| 250 | _a9th ed. | ||
| 260 |
_aAldershot _bGower _c2007 |
||
| 300 |
_axvii, 520p. _c25cm. |
||
| 350 | _a30 | ||
| 520 | _aThis standard text provides an in-depth explanation of the principles and practice of project management. The sequence of chapters closely follows the life-cycle of a typical project from its initial conception to project closure. The expansion of the text has enabled greater emphasis to be given to stakeholders' perceptions of success, the organisation and management of business change projects, people's roles in project management, and the wider business contexts in which project management has been adopted. | ||
| 521 | 2 | _aAdvanced | |
| 651 | 4 |
_aUnited Kingdom _y |
|
| 690 |
_aProject management _96261 |
||
| 942 | _n0 | ||
| 999 |
_c107981 _d107981 |
||